000 00226nam a2200097Ia 4500
008 190216s9999||||xx |||||||||||||| ||und||
100 _aCharles Dickens
245 0 _aOliver Twist
260 _bBanglore Printing Com
942 _cBK
999 _c12128
_d12128